भारतीय शिक्षा का इतिहास / (Record no. 14740)

MARC details
000 -LEADER
fixed length control field 01106nam a22002537a 4500
005 - DATE AND TIME OF LATEST TRANSACTION
control field 2008080605085.0
008 - FIXED-LENGTH DATA ELEMENTS--GENERAL INFORMATION
fixed length control field 080806t xxu||||| |||| 00| 0 hin d
010 ## - LCCN (DPL NO)
LC control number HIN-83883
020 ## - INTERNATIONAL STANDARD BOOK NUMBER
Terms of availability 150.00
035 ## - SYSTEM CONTROL NUMBER
System control number HN-56229
037 ## - SOURCE OF ACQUISITION
Source of stock number/acquisition DBAD / PUB
040 ## - CATALOGING SOURCE
Original cataloging agency DPL
Language of cataloging HN
082 ## - DEWEY DECIMAL CLASSIFICATION NUMBER
Classification number 370.954
100 ## - MAIN ENTRY--PERSONAL NAME
Personal name शंकर विजयवर्गीय
245 ## - TITLE STATEMENT
Title भारतीय शिक्षा का इतिहास /
Statement of responsibility, etc शंकर विजयवर्गीय
246 ## - VARYING FORM OF TITLE
Title proper/short title Bharteeya Shiksha ka Itihas
Remainder of title by Shankar Vijayvargiya
260 ## - PUBLICATION, DISTRIBUTION, ETC. (IMPRINT)
Place of publication, distribution, etc दिल्ली
Name of publisher, distributor, etc राजपाल एंड संज
Date of publication, distribution, etc 2005
270 ## - ADDRESS
Address कश्मीरी गेट
City दिल्ली
Postal code 110006
300 ## - PHYSICAL DESCRIPTION
Extent 136पृ
Dimensions 22सेमी (सजिल्द)
650 ## - SUBJECT ADDED ENTRY--TOPICAL TERM
Topical term or geographic name as entry element शिक्षा
Geographic subdivision भारत
650 ## - SUBJECT ADDED ENTRY--TOPICAL TERM
Topical term or geographic name as entry element Education
Geographic subdivision India
942 ## - ADDED ENTRY ELEMENTS (KOHA)
Source of classification or shelving scheme Dewey Decimal Classification
Item type Hindi Books
Classification part 370.954
Call number suffix शंकर
Holdings
Withdrawn status Lost status Source of classification or shelving scheme Damaged status Not for loan Collection code Home library Current library Date acquired Source of acquisition Cost, normal purchase price Total Checkouts Full call number Barcode Date last seen Copy number Cost, replacement price Koha item type
    Dewey Decimal Classification   Not For Loan Non-fiction D.B.Act.Division D.B.Act.Division 06/08/2008 DBAD / PUB 150.00   370.954 शंकर HN-56229 15/09/2008 1 150.00 Hindi Books

© Delhi Public Library
Hit Counter
free hit counter